Satelliittikuvia #6 - Statistics

Yleistilastot
  • Tätä visaa on pelattu 361 kertaa
  • Keskiarvotulos 9 / 16
Vastaustilastot
Kuvavisa Hint Vastaus % Oikein
maamerkki Colosseum
94%
maamerkki Kheopsin pyramidi
87%
valtio Qatar
79%
valtio Bangladesh
68%
vesimuodostuma Adrianmeri
64%
valtio Singapore
60%
valtio Sveitsi
60%
vesimuodostuma {Aral}järvi
54%
vesimuodostuma {Etelä-Kiinan} meri
54%
niemimaa Indokiina
54%
kaupunki Istanbul
54%
vesimuodostuma {Beringin}salmi
52%
valtio Bahama
51%
saari Jaava
46%
vesimuodostuma Río de la Plata
15%
jokisuisto Helmijoki
13%
Ehtoja vastaavia visoja ei löytynyt
Tulosjakauma
Jokaisen tuloksen saaneiden osuus
Persentiili vastausten määrän mukaan
Tuloshistoriasi
Et ole pelannut tätä visaa